export_success — 

Experiencing Society and the Lived Welfare State.

Bibliographic Details
Main Author: Haapala, Pertti.
Other Authors: Harjula, Minna., Kokko, Heikki.
Format: eBook
Language:English
Published: Cham : Springer International Publishing AG, 2023.
Edition:1st ed.
Series:Palgrave Studies in the History of Experience Series
Subjects:
Online Access:Click to View
LEADER 01700nam a22004213i 4500
001 EBC30551656
003 MiAaPQ
005 20231204023231.0
006 m o d |
007 cr cnu||||||||
008 231204s2023 xx o ||||0 eng d
020 |a 9783031216633  |q (electronic bk.) 
020 |z 9783031216626 
035 |a (MiAaPQ)EBC30551656 
035 |a (Au-PeEL)EBL30551656 
035 |a (OCoLC)1389834880 
040 |a MiAaPQ  |b eng  |e rda  |e pn  |c MiAaPQ  |d MiAaPQ 
050 4 |a D203.2-475 
082 0 |a 361.65 
100 1 |a Haapala, Pertti. 
245 1 0 |a Experiencing Society and the Lived Welfare State. 
250 |a 1st ed. 
264 1 |a Cham :  |b Springer International Publishing AG,  |c 2023. 
264 4 |c Ã2023. 
300 |a 1 online resource (385 pages) 
336 |a text  |b txt  |2 rdacontent 
337 |a computer  |b c  |2 rdamedia 
338 |a online resource  |b cr  |2 rdacarrier 
490 1 |a Palgrave Studies in the History of Experience Series 
588 |a Description based on publisher supplied metadata and other sources. 
590 |a Electronic reproduction. Ann Arbor, Michigan : ProQuest Ebook Central, 2023. Available via World Wide Web. Access may be limited to ProQuest Ebook Central affiliated libraries.  
655 4 |a Electronic books. 
700 1 |a Harjula, Minna. 
700 1 |a Kokko, Heikki. 
776 0 8 |i Print version:  |a Haapala, Pertti  |t Experiencing Society and the Lived Welfare State  |d Cham : Springer International Publishing AG,c2023  |z 9783031216626 
797 2 |a ProQuest (Firm) 
830 0 |a Palgrave Studies in the History of Experience Series 
856 4 0 |u https://ebookcentral.proquest.com/lib/matrademy/detail.action?docID=30551656  |z Click to View